Vista normal
Vista MARC
Entrada Personal Name
Número de registros utilizados en: 1
001 - CONTROL NUMBER
- control field: 15189
003 - CONTROL NUMBER IDENTIFIER
- control field: DLC
005 - DATE AND TIME OF LATEST TRANSACTION
- control field: 20251027091924.0
008 - FIXED-LENGTH DATA ELEMENTS
- fixed length control field: 020427n| acannaabn |n aaa c
010 ## - LIBRARY OF CONGRESS CONTROL NUMBER
- LC control number: no2002036174
035 ## - SYSTEM CONTROL NUMBER
- System control number: (OCoLC)oca05748709
040 ## - CATALOGING SOURCE
- Original cataloging agency: MBU-T
- Language of cataloging: spa
- Transcribing agency: Mx-PuUPA
- Modifying agency: Mx-PuUPA
- Description conventions: rda
100 1# - HEADING--PERSONAL NAME
- Personal name: Florio, Lucio,
373 ## - ASSOCIATED GROUP
- Associated group: Universidad Nacional de La Plata
- Associated group: Instituto San José
- Associated group: Universidad de Santo Tomas de Aquino
- Associated group: Universidad Cátólica Argentina
- Associated group: Universidad Popular Autónoma del Estado de Puebla (UPAEP)
374 ## - OCCUPATION
- Occupation: Editor
- Occupation: Autor
- Occupation: Doctor en Teología
- Occupation: Miembro de la International Society for Science and Religion y de la Sociedad Argentina de Tología y del Centro de Estudios de Ciencia y Religión (CECIR) UPAEP
375 ## - GENDER
- Gender: hombre
377 ## - ASSOCIATED LANGUAGE
- Language code: spa
670 ## - SOURCE DATA FOUND
- Source citation: Mapa trinitario del mundo ... 2000:
- Information found: t.p. (Lucio Florio)